000 00387 a2200169 4500
001 71227
020 _a8516001113
040 _cAnchieta - Colégio São Paulo
100 _aMuniz, Flávia
240 1 0 _aFantasma só faz buuu!
_lpor
245 1 0 _aFantasma só faz buuu!
300 _a28
362 0 _a1987
440 1 _aModerna
650 4 _aLiteratura infanto-juvenil
942 _cBK
999 _c71227
_d71227